Persepsi peserta kursus Perisian Komputer terhadap keberkesanan latihan : Satu kajian kes di Institut Tadbiran Awam Negara, Kampus Wilayah Utara (INTURA /

Bibliographic Details
Main Author: Yazli Sufli b. Mohd. Yazid
Format: Book
Published: Kuching: UNIMA, 1998.
Edition:1st ed..
Subjects:
LEADER 01021cam a2200229 7i4500
001 0000045412
005 20151104090000.0
005 ##20151104155300.0
002 ##000005721
003 ##MY-KlINT
008 151104 00010 eng
039 # 9 |y 201511041553  |z VLOAD 
090 0 0 |a 354.59500147 YAZ  
100 1 # |a Yazli Sufli b. Mohd. Yazid 
245 0 0 |a Persepsi peserta kursus Perisian Komputer terhadap keberkesanan latihan :   |b Satu kajian kes di Institut Tadbiran Awam Negara, Kampus Wilayah Utara (INTURA /   |c Yazli Sufli b. Mohd. Yazid. 
250 # # |a 1st ed.. 
260 # # |a Kuching:   |b UNIMA,   |c 1998. 
300 # # |a 130;   |c cm. 
505 0 # |a Projek ini merupakan satu keperluan kursus untuk mendapatkan Ijazah Bacelor Sains(Pembangunan Sumber Manusia) dari Faculti Sains Kognitif dan Pembangunan Manusia, Universiti Malaysia Sarawak 
650 # 0 |a Computer Software, training of- INTURA- Case Studies-  
650 # 0 |a Institut Tadbiran Awam Negara, Kampus Wilayah Utara- Case Studies  
650 # 0 |a Organization Development- Case studies